Tilastot visalle Sanat: "Rakovalkealla" - Reino Helismaa

Klikkaa tästä pelataksesi tätä visaa!

Yleistilastot

  • Tätä visaa on pelattu 16 kertaa
  • Keskiarvotulos 76 / 103

Vastaustilastot

Vastaus% Oikein
ja
100%
kuu
100%
maa
100%
on
100%
On
100%
rakovalkealla
100%
saa
100%
se
100%
sen
100%
tää
100%
Tää
100%
tuijotan
100%
100%
Lapin
90%
liekkiin
90%
erämaa
80%
lämpöänsä
80%
loistaa
80%
revontulten
80%
tähdet
80%
taivahalla
80%
valaa
80%
välkkyen
80%
yöhön
80%
avautunut
70%
karu
70%
kaunis
70%
ken
70%
kirkas
70%
kuumeen
70%
lakkaamatta
70%
lumoihinsa
70%
mieli
70%
outo
70%
päällä
70%
palaa
70%
polttavan
70%
saanut
70%
sille
70%
suoniinsa
70%
sydämeni
70%
tänne
70%
ympärilläin
70%
hohdettaan
60%
hurma
60%
jylhän
60%
kiehtoo,
60%
lumoaa
60%
luo
60%
mun
60%
tunturille
60%
jäisen
50%
kiinni
50%
lumen
50%
painuu
50%
silmät
50%
tunturien
50%
aukeat
40%
hangen
40%
havuvuode
40%
jään
40%
kohta
40%
laet
40%
ne
40%
ottaa
40%
raukeat
40%
suojahansa
40%
yksinäisen
40%
köyhä,
30%
kuin
30%
vartioina
20%

Tulosjakauma

Persentiili vastausten määrän mukaan

Jokaisen tuloksen saaneiden osuus

Tuloshistoriasi

Et ole pelannut tätä visaa